000 00836nmm a2200253 a 4500
001 ocm000702286
003 TR-IsHL
005 20201028135632.0
008 131209s1993 tu tur
007 cr cn
035 _a702286
_b(N$T)
050 0 4 _aP94.6
_b.D65 1993
090 0 4 _aP94.6
_b.D65 1993
100 1 _aDolu, Şükrü
245 1 0 _aMedya ve tüketim çılgınlığı
_h[electronic resource] /
_cŞükrü Dolu
260 _aİstanbul :
_bDüşünen Adam Yayınları,
_c1993
300 _a130 p.
650 4 _aEkonomi ve Finans
650 4 _aEconomics and Finance
650 0 _aKitle iletişim araçları ve kültür
650 0 _aMass media and culture
650 7 _aSOCIAL SCIENCE / Media Studies
_2bisacsh
856 4 0 _uhttp://search.ebscohost.com/login.aspx?direct=true&scope=site&db=e011xww&AN=702286
999 _c6850
_d6850